000
00223nam a2200097Ia 4500
008
210430s9999 xx 000 0 und d
020
_a
3122-3122-3122-3122
082
_a
891.439
245
_a
Shahab Nama
942
_c
BK
_2
ddc
999
_c
563943
_d
563943